000 02706nam a22002657a 4500
001 216218709
003 UA-OsUOA
005 20201228131506.0
008 200627b un ||||| m||| 00| 0 ukr d
040 _aUA-OsUOA
_bukr
_cUA-OsUOA
_dUA-OsUOA
041 _aukr
080 _a94(477.83/.86)"19/20"+061.2(477)
090 _a94(477.83/.86)"19/20"+061.2(477)
095 _a07.00.01
_bісторія України
100 _aЛукашів В. Я.
245 _aДіяльність „Товариства ім. М. Качковського” в Східній Галичині (друга половина XIX – початок XX ст.)
_cЛукашів Володимир Ярославович ; наук. керівник Зуляк Іван Степанович
260 _aТернопіль
_c2014
300 _a16 с.
502 _6Автореферат дисертації на здобуття наукового ступеня кандидата історичних наук
_cТернопільський національний педагогічний університет імені Володимира Гнатюка
_d2014
520 _aУ дисертації здійснено комплексне дослідження діяльності „Товариства ім. М. Качковського” в Східній Галичині у другій половині XIX – на початку XX ст. Систематизовано й проаналізовано історіографію та джерельну базу про діяльність інституції у Східній Галичині; досліджено інституційне оформлення товариства, проаналізовано його організаційні засади; охарактеризовано місце „Товариства ім. М. Качковського” у громадському і політичному житті; визначено роль товариства у поширенні москвофільських ідей крізь призму видання літератури; висвітлено основні напрямки його економічної діяльності; оцінено діяльність товариства в культурно-просвітньому, економічному та суспільному житті Східної Галичини.
650 _2UDC
_a94 Історія
942 _2udc
_cAR
955 _a1
999 _c459732
_d459732